| 000 | 00780cam a22002655i 4500 | ||
|---|---|---|---|
| 001 | 18317205 | ||
| 003 | ARRUPE | ||
| 005 | 20150324020007.0 | ||
| 008 | 140926s2012 ko a b 000 0 eng | ||
| 010 | _a 2014467926 | ||
| 020 | _a9788932242309 | ||
| 020 | _a9788932240268 (set) | ||
| 040 |
_aDLC _beng _cDLC _erda |
||
| 042 | _apcc | ||
| 050 |
_aJZ8373. _bH233 2012 |
||
| 100 | 1 |
_aBaran, Han. _912955 |
|
| 245 | 1 | 2 |
_aA theory of economic sanctions / _cBaran Han. |
| 260 |
_aKorea _bKIEP _c2012 |
||
| 300 |
_a38 pages : _billustrations ; _c24 cm. |
||
| 490 | 0 |
_aKIEP working paper ; _v12-03 |
|
| 504 | _aIncludes bibliographical references (pages 37-38). | ||
| 906 |
_a0 _bibc _corignew _d3 _encip _f20 _gy-gencatlg |
||
| 942 |
_2lcc _cMONOGRAPH _08 |
||
| 999 |
_c121354 _d121354 |
||